000 00194 a2200097 4500
020 _a9788420743066
041 _aspa
100 _aLairla, Sergio
245 _aUn problema monstruoso
942 _cBK
999 _c31917
_d31915